Can you name every Wooden coaster in North America? - Statistics

General Stats
  • This quiz has been taken 133 times
  • The average score is 69 of 119
Answer Stats
Hint Answer % Correct
1964 Blue Streak
87%
1927 | 1972 Racer
87%
2006 Voyage
87%
1979 Beast
84%
2005 Hades 360
84%
1981 American Eagle
82%
2006 El Toro
82%
1993 Outlaw
82%
1920 Jack Rabbit
79%
1930 | 2000 Legend
79%
2017 Mystic Timbers
79%
2013 Outlaw Run
79%
1985 Phoenix
79%
1975 Racer 75
79%
1995 Raven
79%
1927 | 1991 Wildcat
79%
2009 Apocalypse
76%
1927 | 1940 Cyclone
76%
1973 Great American Scream Machine
76%
1994 Hurler
76%
1921 Roller Coaster
76%
1972 | 1974 | 1975 Woodstock Express
76%
1997 Zeus
76%
1958 Big Dipper
74%
1982 | 1986 Grizzly
74%
1998 Roar
74%
1998 Shivering Timbers
74%
2000 Boss
71%
2014 Goliath
71%
2000 Lightning Racer
71%
1996 Pegasus
71%
2004 Thunderhead
71%
2008 American Thunder
68%
2013 Gold Striker
68%
1946 | 1951 | 1994 Comet
66%
1995 Cyclops
66%
1998 Ghostrider
66%
2017 Invadr
66%
2017 Mine blower
66%
1999 Twister
66%
2000 Boulder Dash
63%
1958 Coaster
63%
1924 | 1925 Giant Dipper
63%
2008 Ravine Flyer II
63%
2020 Texas Stingray
63%
2013 White Lightning
63%
2009 Prowler
61%
2007 Renegade
61%
1924 | 1941 Thunderbolt
61%
1990 Thunder Run
61%
1995 Viper
61%
2001 Cornball Express
58%
1980 Judge Roy Scream
58%
1902 Leap The Dips
58%
1981 Mighty Canadian Minebuster
58%
1924 Thunderhawk
58%
1981 Wilde Beast
58%
2007 Boardwalk Bullet
55%
2019 Kentucky Flyer
55%
2010 Little Dipper
55%
1989 Timber Wolf
55%
2013 Flying Turns
53%
1976 Screamin Eagle
53%
2015 Switchback
53%
1998 Wolverine Wildcat
53%
2023 Zambezi Zinger
53%
1999 Tremors
50%
2011 Zippin Pippin
50%
1994 Hoosier Hurricane
47%
2018 Oscar's Wacky Taxi
47%
1996 Timber Terror
47%
1978 | 1993 Tornado
47%
2011 Wooden Warrior
47%
2006 Kentucky Rumbler
45%
1995 Twister II
45%
1936 Yankee Cannonball
45%
1994 Zach's Zoomer
45%
1996 Great White
42%
1976 High Roller
42%
1985 Monstre
42%
1998 Rampage
42%
1992 Arkansas Twister
39%
1929 Dragon Coaster
39%
1990 Predator
39%
1966 Swamp Fox
39%
2003 Timberhawk
39%
2004 Coastersaurus
37%
1998 Excalibur
37%
1992 Kingdom Coaster
37%
2002 Lost Coaster
37%
1967 Cannon Ball
34%
1935 Classic Coaster
34%
2002 New Mexico Rattler
34%
1986 Wild One
34%
1938 Rollo Coaster
29%
1996 Teddy Bear
29%
1981 Ghoster Coaster
26%
1961 Lil Dipper
26%
2007 Meteor
26%
1956 Sea Dragon
26%
1987 Skyliner
26%
1996 Underground
26%
1998 Kiddy Coaster
24%
1999 Silver Comet
24%
2004 Hell Cat
21%
2014 Roar O Sarus
16%
No matching quizzes found
Score Distribution
Percent of People with Each Score
Percentile by Number Answered
Your Score History
You have not taken this quiz